Sports Quiz

Random Sports or MLB Quiz
Score 0/26 Timer 06:00
0 Plays Today
Team Player % Correct
Seattle MarinersFelix Hernandez
86.7%
Houston AstrosJustin Verlander
85.3%
Toronto Blue JaysRoy Halladay
85.3%
Washington NationalsMax Scherzer
85.3%
San Francisco GiantsTim Lincecum
84.8%
New York YankeesRoger Clemens
84.8%
Cleveland IndiansCorey Kluber
83.4%
Atlanta BravesTom Glavine
83.3%
Minnesota TwinsJohan Santana
82.8%
Boston Red SoxRick Porcello
82%
Kansas City RoyalsZack Greinke
81.5%
St. Louis CardinalsChris Carpenter
80.3%
Tampa Bay RaysBlake Snell
79.5%
Team Player % Correct
Chicago CubsJake Arrieta
75.8%
Oakland AthleticsBarry Zito
74.1%
Arizona DiamondbacksBrandon Webb
70.5%
San Diego PadresJake Peavy
68.4%
New York MetsJacob deGrom
62.2%
Detroit TigersMax Scherzer
59.3%
Los Angeles DodgersClayton Kershaw
58.4%
Philadelphia PhilliesRoy Halladay
52.4%
Los Angeles Angels of AnaheimBartolo Colon
47.6%
Chicago White SoxJack McDowell
33.1%
Pittsburgh PiratesDoug Drabek
32.5%
Baltimore OriolesSteve Stone
17.6%
Milwaukee BrewersPete Vuckovich
13%
Remove Ads.
Support Sporcle.
Get the best of Sporcle when you Go Orange. This ad-free experience offers more features, more stats, and more fun while also helping to support Sporcle. Thank you for becoming a member.

You're not logged in!

Compare scores with friends on all Sporcle quizzes.
OR
Log In

Sporcle TV

Today on Sporcle TV


Watch our educational content, quiz creation guides, and fun videos on Sporcle TV.

Show Comments

Extras

Top Quizzes Today


Score Distribution

Paid Content

Your Account Isn't Verified!

In order to create a playlist on Sporcle, you need to verify the email address you used during registration. Go to your Sporcle Settings to finish the process.

Report this User

Report this user for behavior that violates our Community Guidelines.

Details: